000 00489nam a2200169 i 4500
001 139695
003 ES-MaACL
005 20230906195858.0
007 t|
008 070214s1928 sp r ||||1| spa d
100 1 _aSaye Sempere, Luis.
_9104103
245 1 0 _aQuimioterapia de la tuberculosis /
_cLuis Saye Sempere.
260 _aMadrid :
_bEspasa Calpe,
_c1928.
300 _a254 p., 19 lám. ;
_c24 cm.
650 4 _aTuberculosis-
_xTratamiento.
_9151845
852 _aES-MaACL
_jB-11202
999 _c139695
_d139695